00660nam a2200181 a 450000100100000000500170001000800410002702000150006804000250008310000550010824500690016326000340023230000290026650000420029550400190033795201050035699900170046100003790120240710123701.0130308s2008 dr a 000 0 spa d a9945000020 aDO-SdBNPbspacBNPHU1 aMartínez Almanzar, Juan Franciscod1950 -91045910aEnriquillo idolo de barro /cJuan Francisco Martínez Almanzar. aSanto Domingo :bCAIS,c2008. a278 P. :bils. ;c22 cm. aIncluye notas al pie de las páginas aBbiliografía 0010718PDaPDbPDcCTd2013-03-08iLF1l0o p37901-10r2020-06-25w2020-06-25yLFPDZNo se presta c37391d37391